Countries that Contain the Word - Statistics

General Stats
  • This quiz has been taken 531 times
  • The average score is 18 of 20
Answer Stats
Hint Answer % Correct
United States
98%
Democratic Republic of the Congo
97%
Papua New Guinea
97%
Papua New Guinea
97%
Guinea
96%
Congo Republic of the Congo
96%
New New Zealand
95%
South South Africa
94%
South Korea
94%
South South Sudan
94%
United Arab Emirates
93%
United United Kingdom
93%
Guinea Bissau
92%
Guinea Equatorial Guinea
89%
St Kitts and Nevis
87%
And Antigua and Barbuda
85%
Trinidad and Tobago
85%
St Vincent and the Grenadines
82%
Bosnia and Herzegovina
74%
Sao Tome and Principe
67%
No matching quizzes found
Score Distribution
Percent of People with Each Score
Percentile by Number Answered
Your Score History
You have not taken this quiz